Math magic for your kids / (Record no. 104007)
[ view plain ]
| 000 -LEADER | |
|---|---|
| fixed length control field | 00553nam a2200169 a 4500 |
| 005 - DATE AND TIME OF LATEST TRANSACTION | |
| control field | 20140412111311.0 |
| 008 - FIXED-LENGTH DATA ELEMENTS--GENERAL INFORMATION | |
| fixed length control field | 020417s19uu xx 00 eng d |
| 020 ## - INTERNATIONAL STANDARD BOOK NUMBER | |
| International Standard Book Number | 0-06-097731-0 |
| 050 ## - LIBRARY OF CONGRESS CALL NUMBER | |
| Classification number | TR(GS 513.2 |
| Item number | F52 1998 |
| 100 ## - MAIN ENTRY--PERSONAL NAME | |
| Personal name | Flansburg, Scott |
| 245 ## - TITLE STATEMENT | |
| Title | Math magic for your kids / |
| Statement of responsibility, etc | Scott Flansburg. |
| 260 ## - PUBLICATION, DISTRIBUTION, ETC. (IMPRINT) | |
| Place of publication, distribution, etc | New York : |
| Name of publisher, distributor, etc | HarperCollins Books, |
| Date of publication, distribution, etc | 1998. |
| 300 ## - PHYSICAL DESCRIPTION | |
| Extent | xi p. ; 339 p. |
| 500 ## - GENERAL NOTE | |
| General note | Originally published: New York: Morrow, c1997. ISBN 0-06-097331-0 |
| 650 ## - SUBJECT ADDED ENTRY--TOPICAL TERM | |
| Topical term or geographic name as entry element | Mathematics |
| General subdivision | Study and teaching (Elementary) |
| Withdrawn status | Lost status | Damaged status | Home library | Current library | Shelving location | Date acquired | Source of acquisition | Total Checkouts | Full call number | Barcode | Date last seen | Price effective from | Koha item type |
|---|---|---|---|---|---|---|---|---|---|---|---|---|---|
| Elizalde Library | Elizalde Library | Teachers Reference Section | 04/17/2002 | TR(GS 513.2 F52 1998 | E6247 | 04/12/2014 | 04/12/2014 | Books |